| 000 | 01044cam a2200289 i 4500 | ||
|---|---|---|---|
| 001 | 1369263998 | ||
| 003 | OCoLC | ||
| 005 | 20250625102545.0 | ||
| 008 | 230209s2023 sz a ob 000 0 eng d | ||
| 020 | _a9783031226021 (paperback) | ||
| 024 | 7 | _a10.1007/978-3-031-22603-8 | |
| 040 |
_aGW5XE _beng _erda _cNUST _dNUST |
||
| 050 | 4 | _aQC242.2 QUA | |
| 100 | 1 |
_aQuadrelli, Davide Enrico, _eauthor |
|
| 245 | 1 | 0 |
_aAcoustic invisibility for elliptic objects : _btheory and experiments for underwater sound / _cDavide Enrico Quadrelli, Francesco Braghin |
| 260 |
_aItaly. : _bPolitecnico, _c©2023. |
||
| 300 |
_a ix, 87 pages : _billustrations (chiefly color) _c24 cm |
||
| 336 |
_atext _btxt _2rdacontent |
||
| 337 |
_aunmediated _bn _2rdamedia |
||
| 338 |
_avolume _bnc _2rdacarrier |
||
| 504 | _aIncludes bibliographical references | ||
| 650 | 0 | _aUnderwater acoustics. | |
| 650 | 0 | _aAcoustical engineering. | |
| 650 | 0 | _aInvisibility. | |
| 700 | 1 |
_aBraghin, Francesco, _eauthor |
|
| 942 |
_2lcc _cBOOKS _hQC242.2 QUA _kQC _mQUA _n0 |
||
| 999 |
_c172087 _d172087 |
||